[Event "UKR-ch"]
[Site "Ordzhonikidze"]
[Date "2001.09.16"]
[Round "9"]
[White "Mikhaletz, Lubomir"]
[Black "Ovsejevitsch, Sergei"]
[Result "0-1"]
[WhiteElo "2485"]
[BlackElo "2529"]
[Annotator "Lukacs,P"]
[PlyCount "64"]
[EventDate "2001.09.08"]
[EventType "swiss"]
[EventRounds "9"]
[EventCountry "UKR"]
[SourceTitle "CBM 086"]
[Source "ChessBase"]
[SourceDate "2002.02.05"]
[SourceVersion "1"]
[SourceVersionDate "2002.02.05"]
[SourceQuality "1"]

1. e4 e5 2. d4 exd4 3. Qxd4 Nc6 4. Qe3 g6 (4... Nb4 $5) 5. Nc3 Bg7 6. Bd2 Nf6
7. O-O-O O-O 8. Bc4 (8. h4 {- Degraeve-Z.Almasi, Istanbul ol(Men) 2000 EXT 2001
}) (8. Bd3 {allows the immediate blow in the [+]:} d5 $1 9. exd5 Nxd5 10. Qg3 (
10. Nxd5 Qxd5 $15 {with double threats}) 10... Nxc3 $15) (8. Qg3 Re8 9. h4 {
White's dreams of -> cannot be realized.} Nxe4 10. Nxe4 Rxe4 11. Bg5 Qf8 12.
Bd3 Ra4 13. Kb1 Bxb2 14. Bxg6 Rb4 15. c3 Bxc3+ 16. Kc2 Rb2+ 17. Kc1 Qa3 18.
Bxf7+ Kxf7 19. Qf3+ Kg8 20. Qd5+ Kh8 21. Bf6+ Bxf6 22. Rd3 Rb1+ $19 {
Levi-Solomon, Melbourne 1996}) (8. f3 {is also strongly met by the standard} d5
$1 9. exd5 (9. Nxd5 Nxd5 10. exd5 Qxd5 11. Qb3 Qxb3 12. axb3 a5 {Black is
better developed and grabs the |^ on the <<.} 13. Bb5 Nd4 14. Bc4 Bf5 $15) (9.
Qc5 {looks rather sophysticated:} dxe4 10. Bg5 Qe8 11. Bxf6 Bxf6 12. Nxe4 Bg7
13. Bb5 Qe5 14. Qxe5 Nxe5 15. Ne2 a6 16. Bd3 f5 17. N4c3 Be6 {Black's ^^ in
the opened position is of high importance.} 18. Kb1 Rfd8 $15 {Blackburn-Lasker,
Germany 1892}) 9... Nxd5 10. Qc5 (10. Nxd5 Qxd5 {- 9.Nxd5}) 10... Nxc3 (10...
Be6 $5 {is the other natural reply finishing the development.} 11. Nge2 Ncb4
12. a3 b6 13. Qf2 a5 $1 {If White takes the N, Black gets a ferocious -> on
the a <->.} 14. Ne4 Qd7 15. Kb1 Qa4 16. Rc1 Na2 $1 $15 {Kuljawski-Gorecki,
Poland 1992}) 11. Bxc3 Bh6+ 12. Bd2 Bxd2+ 13. Rxd2 Qe7 14. Qxe7 Nxe7 15. Bc4
Nf5 {1/2:1/2 Felegyhazi-Veroci, HUN-chT 1997}) 8... Re8 9. Nf3 (9. f3 {is also
met by the standard} Na5 {and it is not easy to find a suitable place for the
B.} 10. Bf1 {V.Mikhalevsky} (10. Qd3 $6 {runs into} c6 $1 {/\ d5} 11. Bb3 d5 $1
12. exd5 (12. Nge2 Nxb3+ 13. axb3 dxe4 $17) 12... Bf5 {Black finishes his
development by gaining tempi.} 13. Qf1 Nxb3+ 14. axb3 Nxd5 15. Nxd5 (15. Nge2
$2 {loses to the devastating} Bxc2 $1 16. Kxc2 Nb4+ 17. Kb1 Qd3+ 18. Ka1 Re5 $1
$19 {Peray-Mikhalevsky, London 1999 EXT 2000}) 15... Qxd5 16. Ne2 (16. Bc3 $2
Bh6+ 17. Bd2 Bxd2+ 18. Rxd2 Qa5 $19) 16... Rad8 $17 {and Black's ^^ dominates
the board.}) (10. Bd3 {is also met by} d5 $1 11. Qg5 h6 12. Qh4 d4 13. Na4 b6 {
The N on a4 is pathetic} 14. b3 Bd7 15. Nb2 Nb7 16. g4 b5 17. Ne2 c5 {Black's
attacking chances on the << are preferable.} 18. g5 Nh7 19. f4 hxg5 20. fxg5
Nd6 21. Rdf1 Rc8 $17 {Popa-Caruso, Padova 1999}) 10... d5 $1 11. Nxd5 (11. Qg5
h6) 11... Nxd5 12. Qc5 (12. Qa3 Nc6 13. exd5 Qxd5) 12... Qf6 13. Qa3 Re5 14.
exd5 (14. Bxa5 $6 Ne3 15. Bxc7 (15. Qxe3 Rxa5) 15... Nxd1 $17) 14... Rxd5 15.
Bxa5 Rxa5 16. Qxa5 Qxb2+ 17. Kd2 Bf5 18. Ne2 Bxc2 19. Qxc7 Bxd1+ 20. Kxd1 Bh6
21. f4 Qxa2 $44 {and the white K in the middle is an easy target.}) 9... Na5
10. Bd3 (10. Qd3 Nxc4 11. Qxc4 {is answered by the typical} Nxe4 $1 12. Nxe4 d5
13. Qc5 Rxe4 14. Bg5 Qe8 15. Qxd5 h6 16. Be3 Bg4 {^^} 17. Rhe1 c6 18. Qd6 b6
19. h3 Be6 $15 {Grabarczyk-Jaracz, POL-ch Plock 2000}) 10... d5 $5 (10... d6)
11. Nxd5 $8 Nxd5 12. Qg5 (12. Qc5 Qf6 13. Qa3 Nf4 14. Bxa5 Nxg2 $13) 12... Qxg5
13. Nxg5 Nf6 14. Bxa5 h6 15. Nf3 (15. Nh3 b6 16. Bc3 Bxh3 $15 {ruining White's
P structure on the >>.}) 15... b6 16. Bb5 (16. Bc3 Nxe4 $11) (16. e5 bxa5 17.
exf6 Bxf6 $11) 16... bxa5 17. e5 Rf8 18. exf6 Bxf6 19. Nd4 $6 {White has to
play carefully, because in an opened position the ^^ can fully compensate the
weak pawns on the <<.} (19. Bc6 {was more precise.} Rb8 20. c3 Rb6 $11) 19...
Rb8 20. Bc4 (20. a4 a6 (20... Bb7 21. f3) 21. Bc6 (21. Bc4 c5 22. Nb3 Rb4 $17)
21... Rb6 $15) 20... c5 {Now White has concrete problems with >< b2.} 21. Nb5 (
21. Nc6 Rb6 $17) (21. Nb3 a4 22. Nxc5 Bxb2+ 23. Kd2 Rd8+ $15) 21... Be6 22. Be2
a4 23. a3 (23. b3 c4 $1 24. Bxc4 Bxc4 25. bxc4 a6 $17 {/\ Bg5}) 23... Bxb2+ $1
24. Kxb2 a6 {Now Black simply wins a healthy P in the _|_.} 25. c4 axb5 26.
cxb5 c4 27. Rc1 Rxb5+ 28. Ka1 Rb3 29. Bd1 $2 (29. Bxc4 {was the last chance
transposing to a R _|_ which is usually the best practical chance for a
successful defence.} Bxc4 30. Rxc4 Rxa3+ 31. Kb2 Rb3+ 32. Ka2 (32. Kc2 Rfb8 $17
) 32... Rfb8 33. Rc2 $17) 29... Rxa3+ $19 {is winning with ease.} 30. Kb2 Rd3
31. Re1 (31. Bxa4 Rb8+ 32. Kc2 Bf5 $19) 31... Rb8+ 32. Ka2 c3+ 0-1

[Event "Alushta Autumn 1st"]
[Site "Alushta"]
[Date "2002.09.21"]
[Round "10"]
[White "Smirnov, Igor"]
[Black "Kaiumov, Dmitry D"]
[Result "1-0"]
[WhiteElo "2364"]
[BlackElo "2460"]
[Annotator "Lukacs,P"]
[PlyCount "91"]
[EventDate "2002.09.15"]
[EventType "tourn"]
[EventRounds "15"]
[EventCountry "UKR"]
[EventCategory "9"]
[SourceTitle "CBM 092"]
[Source "ChessBase"]
[SourceDate "2003.02.06"]
[SourceVersion "1"]
[SourceVersionDate "2003.02.06"]
[SourceQuality "1"]

1. e4 e5 2. d4 exd4 3. Qxd4 Nc6 4. Qe3 Bb4+ 5. Nc3 Nf6 6. Bd2 O-O 7. O-O-O Re8
8. Qg3 {The main idea is to sacrifice >< e4 for development.} (8. Qf4 $6 {
defending >< e4, but the Q is not well-placed here.} d6 9. f3 Be6 10. g4 Nd7
11. Nh3 Nde5 12. Ng5 Nd4 {Black's pieces are very dangerous and he has the
lead of development.} 13. Qg3 Bc4 14. Be3 Bxc3 15. bxc3 Ne2+ 16. Bxe2 Bxe2 17.
Rde1 Ba6 18. h4 c5 19. h5 Nc4 $17 {Ju.Polgar-Kasimdzhanov, FIDE GP Moscow
rapid 2002}) (8. Bc4 {- Degraeve-Jonkman, Mondatz zt 2000 CBM 79}) 8... Rxe4 9.
a3 $1 {This is the best move order for White.} (9. Bg5 $6 {- Granda
Zuniga-Slipak, Buenos Aires 1996 CBM 53}) 9... Ba5 (9... Bxc3 $6 {helps only
for White's development and gives up the ^^.} 10. Bxc3 d5 (10... d6 11. f3 $44)
11. f3 Re6 12. Ne2 d4 (12... Rd6 13. Nd4 Nxd4 14. Bxd4 $44) 13. Nxd4 Rd6 14.
Qh4 Be6 15. Be2 Nd5 16. Qxd8+ Raxd8 17. Nxe6 Rxe6 18. Bc4 {The ^^ against two
knights in a completely opened position is a real advantage.} Red6 19. Bd2 $14
{J.Polgar-Hort, Wom-Vet 1995}) (9... Bd6 {deserves attention.} 10. f4 (10. Qh3
Re8 11. Nf3 (11. g4 Bf8 12. Qg3 d5 {White has sacrificed a P, but he has no
real advantage in the [+] and his pieces are not well-developed.} 13. g5 {
(Paragua-Bhat, San Francisco, 1999)} Bd6 14. Qg2 Ne4 $17) 11... Be7 (11... Bf8
$2 {allows the pin} 12. Bg5 h6 13. Nd5 $1 hxg5 14. Nxg5 $36 {
Grabarczyk-Janocha, Krynica 1997}) 12. Bd3 d5 $15) 10... Re8 11. Bd3 (11. Nf3
Bf8 $142 {Black needs this B for defence.} (11... Bc5 12. Bd3 d6 (12... d5 13.
Rhe1 Rxe1 14. Rxe1 Ne7 15. Nh4 Ng6 16. Nf3 Ne7 {Black is happy to repeat moves.
..} 17. Ne5 Nf5 $5 (17... Bf5 18. Bxf5 Nxf5 19. Qd3 Ne7 20. g4 c6 21. g5 {
(Shabalov-A.Ivanov, USA-ch 1994)} Ne4 $1 22. Nxe4 dxe4 23. Qxe4 Qd5 24. Nd3
Qxe4 25. Rxe4 $14 {P.Blatny})) 13. f5 $5 (13. Rde1 Rxe1+ 14. Rxe1 Ne7 {
(Dubinski-Hait, Russia 1997} 15. Nh4 Bd7 $15 {Byrne})) 12. Bd3 {- 11.Bd3})
11... Bf8 (11... Bc5 12. Nf3 {- 11.Nf3}) 12. Nf3 d5 (12... d6 13. Rde1 Rxe1+
14. Rxe1 $44) 13. Rhe1 Rxe1 14. Rxe1 Ne7 15. Nh4 c5 $1 {and Black grabs the |^
in the [+].} 16. b3 c4 $1 $17 {Varavin-Isaev, Moscow Aeroflot op 2002}) (9...
Rg4 $5 10. Qf3 $5 (10. Qe3 Ba5 (10... Bf8 $6 {is rather passive now.} 11. h3 {
The R gets into trouble.} Rg6 12. Bd3 Rxg2 13. Nge2 $1 d6 14. Nf4 Rg5 15. Ne6
$1 $16 {Xie Jun-Flear, Hastings 1996 CBM 57}) (10... Bd6 $5 11. f3 Rh4 12. g4
Rxh2 {Black is more or less forced to take the P bravely.} 13. Rxh2 Bxh2 14. g5
Nh5 15. Re1 Ne5 16. Qd4 d6 17. Qh4 Bxg1 18. Qxh5 Bf5 19. f4 {(Degraeve-Gyimesi,
Groningen op 1995)} Bf2 $1 20. fxe5 Bxe1 21. Bxe1 Bg6 $15) 11. f3 (11. h3 Rd4
12. Nf3 Bxc3 13. Qxc3 Re4 14. Bd3 Re8 15. Bg5 d5 16. Rhe1 Rxe1 17. Rxe1 Be6 18.
Qd2 Rc8 19. Qf4 Qd6 20. Qh4 Ne4 {1/2:1/2 Kulaots-G.Timoscenko, Chemnitz 1997})
11... Rg6 {White's chances are founded on the unusual R on g6.} (11... Rd4 $5)
12. h4 (12. Bd3 Rxg2 13. Nge2 d5) 12... Bb6 13. Qe1 d6 14. h5 Nxh5 15. Rxh5
Bxg1 16. Bd3 {(Shabalov-Comp Socrates 4 Boston 1994)} Bd4 17. Bxg6 fxg6 $44 {
P.Blatny}) (10. Qh3 Bxc3 (10... Ba5 {- 9...Ba5}) 11. Bxc3 d5 (11... d6) 12. Bd3
Rc4 13. Qg3 Rxc3 {Black is forced to sacrifice the exchange, but the idea is
completely correct.} 14. bxc3 Qe7 $44) 10... Bf8 11. h3 Rd4 12. g4 b6 13. Nb5 {
(Melgosa-Castro Rojas, Barranquilla Carnaval Cup 10th 1999)} Bb7 $5 14. Nxd4
Na5 15. Qf5 (15. Qf4 Bd6) 15... Be4 (15... Bxh1 16. g5) 16. Qg5 Bxh1 17. Nf5 (
17. f3 h6 18. Qe3 Qe8) 17... g6 $13) 10. Be2 (10. Bg5 $6 {is met by the forced}
Bxc3 $1 ({but not} 10... Rg4 $2 11. Bxf6 Rxg3 12. Bxd8 Rxc3 13. Bxc7 Rxa3 14.
bxa3 Bxc7 15. Nf3 $16 {Paragua-Baron Rodriguez, Hotel Anibal op 7th 2000}) 11.
Qxc3 h6 $1 (11... Rg4 $6 {is again feeble due to} 12. f4 Ne4 13. Bxd8 Nxc3 14.
Re1 Kf8 15. Bxc7 Nd5 16. Bd6+ Nde7 17. Bd3 Rh4 18. c4 Rh6 19. c5 $16 {Ferron
Garcia,C-Fernandez Aguado, Catalunia-chT 1995}) (11... Re8) 12. Bxf6 (12. Bd2
d6 $17 {and White has not much to show for the P.}) (12. f3 Re8 13. Bxf6 Qxf6
14. Qxf6 gxf6 {Black is a healthy P up in the _|_, the double pawns are of no
importance, because his P majority is on the other flank.} 15. Ne2 {
(Kapnisis-Markidis, Athens 2000)} d6 $15) 12... Qxf6 13. Qxf6 gxf6 $15) (10. f3
Nh5 $1 {chasing the unlucky Q.} (10... Re8 11. Nge2 d6 12. h4 Nh5 13. Qh2 $13 {
Shabalov-Martinovsky, Chikago 1996}) 11. Qh3 (11. Qg5 Re5 12. Qxd8+ Nxd8 $19)
11... Rh4 12. Qf5 Ng3 $5 {bravely winning the exchange, too.} (12... d6 13. Qb5
(13. Qg5 Qxg5 14. Bxg5 Rd4 15. Re1 Bd7 $15) 13... a6 $5 (13... Bxc3 14. Bg5 Bf6
15. Bxh4 Bxh4 16. Qxh5 Bg5+ 17. f4 Bxf4+ 18. Kb1 Ne5 $15 {
Roschina-Fatalibekova, Moscow 1995})) 13. hxg3 (13. Qg5 Qxg5 14. Bxg5 Rh5 $17)
13... Rxh1 14. Bc4 d5 $17) (10. f4 d5 11. Bd3 Re8 12. Qh4 d4 {Black gets the
upper hand in the [+] as well.} 13. Nce2 Bxd2+ 14. Rxd2 Qd5 $17 {Ferron
Garcia-Narciso Dublan, Barcelona 1996}) (10. Bd3 Rg4 11. Qh3 Ne5 {and White
has nothing for the sacrificed P.} 12. Be2 d6 $1 $17 {S.Zakic-Nestorovic,
Kladovo 1996}) 10... Nd4 $6 (10... Re8 {allows} 11. Bh6 {weakening the dark
squares on the >>.} g6 12. h4 Ne7 13. Bg5 Nf5 14. Qf4 $44) (10... Re6 $1 11.
Bf3 (11. Bc4 Re8 12. Nf3 (12. Bh6 {is met by} Nh5 $1 {here we see the idea of
provoking Bc4.}) 12... d6 $15) (11. Bd3 d5 12. Nf3 d4 $15) (11. Bh6 Nh5 $1 $17
{again defending >< g7 successfully.}) 11... Ne5 12. Nge2 d6 13. Bg5 Nxf3 14.
gxf3 Bxc3 15. Nxc3 Qf8 $15 {Kreiman-Harari, Hampstead 1998}) 11. Bd3 Rg4 $5 (
11... Re8 12. Bh6 Ne6 (12... Nh5 13. Qg4 Bxc3 14. Qxh5 $40) 13. Nge2 Nh5 $13)
12. Qh3 d5 (12... d6 13. f3) 13. f3 Re4 $2 {This is connected with wrong
calculation.} (13... Rg6 {was still possible and if} 14. g4 (14. Qh4 Nf5) {then
} 14... Ne4 $5 {looks strong.} 15. Nxe4 dxe4 16. Bxe4 Bxd2+ 17. Rxd2 Rh6 18.
Qg3 Rd6 $11 {Gorlin-Jackova, Athens 2001}) 14. g4 $1 Rxg4 $2 {continuing the
wrong plan.} ({more persistant were} 14... Re8 15. Qh4 {/\ g5}) ({and} 14...
Re5 15. Qh4 c5 16. g5) 15. fxg4 Bxg4 16. Qh4 ({missing the devastating
zwischenzug} 16. Bxh7+ $1 Kf8 (16... Kh8 17. Qh4 Bxd1 18. Bg6+ Kg8 19. Qxd4 $18
) 17. Qd3 Bxd1 18. Qxd4 Bb6 19. Qh4 Bg4 20. Bg5 $18) 16... Bxd1 17. Qxd4 Bh5
18. Nge2 Bg6 19. Bg5 Bb6 (19... c5 $5 20. Qh4 $16) 20. Qh4 Qd6 21. Bxf6 gxf6
22. Qg3 Qxg3 23. Nxg3 $16 {In the _|_ Black has three pawns for the piece but
the double pawns on the f line look pathetic.} c6 24. Re1 Kf8 25. Nf5 Bc7 26.
h4 Be5 27. Ne2 c5 28. c3 b5 29. Rf1 Rb8 30. Nf4 Rd8 31. h5 Bxf5 32. Bxf5 h6 33.
Nd3 c4 34. Nb4 Rd6 35. Rd1 d4 36. cxd4 Bxd4 37. Kb1 a5 38. Nc2 Bc5 39. Rxd6
Bxd6 40. Nd4 $1 $18 b4 41. a4 Ke8 42. Nc6 Bc7 43. Kc2 Bb6 44. Kd2 Kf8 45. Ke2
Ke8 46. Kf3 1-0

[Event "VAM Hoogeveen 3rd"]
[Site "Hoogeveen"]
[Date "1999.10.21"]
[Round "4"]
[White "Polgar, Judit"]
[Black "Timman, Jan H"]
[Result "1/2-1/2"]
[WhiteElo "2671"]
[BlackElo "2650"]
[Annotator "Lukacs,P"]
[PlyCount "118"]
[EventDate "1999.10.15"]
[EventType "tourn"]
[EventRounds "6"]
[EventCountry "NED"]
[EventCategory "15"]
[SourceTitle "CBM 074"]
[Source "ChessBase"]
[SourceDate "2000.02.01"]
[SourceVersion "1"]
[SourceVersionDate "2000.02.01"]
[SourceQuality "1"]

1. e4 e5 2. d4 exd4 3. Qxd4 {The Centre Counter is a rare guest in the modern
tounament practice.} Nc6 4. Qe3 Nf6 5. Bd2 {White wants to avoid the main
lines after} (5. Nc3 Bb4) 5... Be7 6. Nc3 d5 (6... O-O 7. Bc4 $1 {White
doesn't want to allow the breakthrough in the [+] after d7-d5.} (7. O-O-O {
is strongly met by} d5 $1 (7... Re8 $6 {(Mason-Chigorin,Paris 1900)} 8. Bc4 $1
$36 {Keres}) 8. exd5 Nxd5 9. Qg3 Bh4 $1 10. Qf3 Be6 (10... Nxc3 $5 11. Bxc3
Qg5+ 12. Bd2 Qc5 13. Be3 Qa5 $15 {is an untested idea of Aljechin.}) 11. Be3
Nxc3 $1 12. Rxd8 Nxa2+ 13. Kb1 Raxd8 14. Be2 Nab4 15. Nh3 Rfe8 16. Nf4 (16. Rd1
Bd5 17. Qh5 Bf6) 16... Bf5 17. Rc1 g6 $44 {Mieses-Aljechin, Schveningen 1913})
7... d6 8. O-O-O Ne5 (8... Be6 9. Bxe6 fxe6 10. f4 $14 (10. Qh3 {is less clear}
Qc8 11. Nge2 b5 $1 12. Ng3 Ne5 13. Be1 Kh8 14. Nce2 c5 15. Nf4 Nfg4 $13 {
Borge-L.B.Hansen, 1996})) 9. Bb3 Be6 10. f4 Nc4 11. Bxc4 Bxc4 12. Nf3 c6 13.
Nd4 Re8 14. Qg3 Bf8 15. Rhe1 $14 {Shabalov-Shliperman, New York 1995}) 7. exd5
Nxd5 8. Qg3 (8. Nxd5 $6 {centralizes the enemy Q.} Qxd5 9. Ne2 Bg4 $5 (9... O-O
10. Nc3 Qc5 11. O-O-O Bf5 $11 {Tanasdy-Mohd, Singapure 1997}) 10. Nf4 Qd7 11.
f3 O-O-O $1 12. O-O-O $11 {Sultan Khan-Marshall, Liege 1930} (12. fxg4 $2 {
leaves the black K in the limbo.} Bh4+ 13. Kd1 Rhe8 14. Qd3 Qxg4+ 15. Be2 Rxe2
$1 16. Qxe2 Qxf4 17. Kc1 Nd4 $17)) 8... Nxc3 $6 ({There was nothing wrong with
} 8... O-O 9. Bh6 (9. O-O-O {- 6...0-0}) 9... Bf6 10. O-O-O Be6 $1 (10... Bxc3
11. bxc3 Qf6 12. Bxg7 Qxg7 13. Qxg7+ Kxg7 14. Rxd5 $14) (10... Nd4 11. Bxg7
Bxg7 12. Rxd4 $16) 11. Ne4 Kh8 $11 {Anand}) (8... Ncb4 $5 9. Nxd5 (9. O-O-O
Nxc3 10. bxc3 Nxa2+ 11. Kb1 Be6 12. c4 Nb4 13. Be2 (13. Qxg7 $2 Bf6) 13... c5
$1 14. Bxb4 Qb6 15. Qxg7 Qxb4+ 16. Kc1 Rf8 $13) (9. Bb5+ c6 10. Ba4 Bf5) 9...
Qxd5 10. Bxb4 (10. Qxc7 $6 Bf5 $44) (10. Qxg7 $2 Nxc2+ 11. Kd1 Nxa1 $17) 10...
Qe4+ 11. Ne2 Qxb4+ 12. Qc3 Qxc3+ 13. Nxc3 O-O $11 {Blanco Fernandez-Otero
Villa Clara 1995}) 9. Bxc3 Bf6 10. Bb5 $5 $146 (10. Bxf6 Qxf6 11. O-O-O O-O 12.
Nf3 Be6 (12... Bf5 $6 {is met by} 13. Qf4 $1 Rae8 (13... Qe6 14. Bc4 Qe4 15.
Qxe4 Bxe4 16. Rd7 Rac8 17. Re1 Bxf3 18. gxf3 Nb8 $14) 14. Bd3 Bxd3 15. Qxf6
gxf6 16. Rxd3 Re2 17. Rd2 $14 {Mi.Adams-Anand, Linares (m/6) 1994 CBM43}) 13.
a3 Rac8 $11) 10... Qd5 $5 (10... O-O 11. Ne2 (11. Bxc6 bxc6 12. Bxf6 (12. Ne2
Ba6) 12... Qxf6 13. O-O-O Rb8 {gives attacking chances for Black on the b <->.}
) 11... Bxc3+ 12. Qxc3 Re8 13. O-O Qd5 14. Bxc6 Qxc6 15. Qxc6 bxc6 16. Nd4 c5
17. Rfe1 $14 {with a slightly better _|_ for White because of Black's
corrupted P structure.}) 11. Bxf6 gxf6 12. Bxc6+ (12. Qg7 $5 Rf8 13. Bxc6+ Qxc6
14. O-O-O $14 {see later!}) 12... Qxc6 13. O-O-O (13. Qg7 $5 Rf8 14. O-O-O $14
Bf5 15. Rd2 Qa6 16. Ne2 $1 Qxa2 17. Nc3 Qa1+ 18. Nb1 $44 {and Black's K is in
the middle.}) 13... Bd7 (13... Bf5 14. Rd2 $14) 14. Qa3 $5 (14. Ne2 O-O-O 15.
Nd4 Qa4 $132) (14. Qe3+ Qe6 15. Qd4 $14) 14... Qb6 (14... Qxg2 {looks
overoptimistic:} 15. Qe3+ Be6 (15... Kf8 $4 16. Rxd7 $1) 16. Nf3 $44) 15. Re1+
(15. Nf3 O-O-O 16. Rd2) 15... Be6 16. Qa4+ $6 ({She had to go for the slightly
better _|_ after} 16. Qe3 O-O-O 17. Qxb6 axb6 18. Ne2 Rhg8 19. Rhg1 $14) 16...
c6 17. Rd1 Rg8 $1 ({Hunting for pawns by} 17... Qxf2 {is again unhealthy} 18.
Nf3 Qxg2 19. Qf4 $44) 18. Nf3 Rxg2 19. Qf4 Qc5 $1 20. Qe4 (20. Qxf6 Rxf2) 20...
Qf5 (20... Rxf2 $2 {gives away the important g <->.} 21. Rhg1 $1 Ke7 22. Nd4
Rd8 (22... Rxh2 23. Qf4) 23. Nxe6 Rxd1+ 24. Rxd1 fxe6 25. Qxh7+ $18) 21. Qe2 (
21. Qe3 Rg4 $1) 21... Qf4+ 22. Kb1 Qc4 $15 23. Qxc4 Bxc4 24. Rhg1 Rxg1 25. Rxg1
Kf8 {Now already White has to play carefully the slightly worse _|_.} 26. Rg4
Bd5 (26... Be6 27. Rf4 (27. Rh4 $5 Ke7 $1 28. Rxh7 Rg8) 27... Rd8 $17) 27. Rf4
Re8 28. Kc1 Re2 29. c4 (29. Nd4 Re5) 29... Re4 (29... Bxf3 30. Rxf3 Ke7 $17)
30. Rxe4 Bxe4 31. Nd2 (31. Nd4 c5) 31... Bf5 32. b4 Ke7 33. Kb2 Ke6 34. Kc3 Ke5
35. a4 h5 36. c5 Be6 37. Kd3 a5 $5 (37... f5 38. Nf3+ Kd5) 38. bxa5 Kd5 39. Kc3
Bf5 40. Kb4 Bd3 41. Kc3 Be2 42. Nb3 Bd1 43. Nd4 Kxc5 (43... Bg4 $1 44. f3 (44.
Nb3 Bd1) 44... Be6 45. Nb3 h4) 44. Nf5 Bg4 45. Ne3 Bf3 (45... Be6) 46. h4 Be4
47. Nf1 $1 Bf3 48. Ng3 f5 (48... Kd5 49. Kd3 c5 50. Ke3 $1 Bd1 51. Ne4) 49.
Nxf5 Bg4 50. Nh6 $11 Be6 51. Ng8 f5 52. Nf6 Bf7 53. Nd7+ Kd6 54. Nb6 f4 55. Kd4
Bd5 56. Nc8+ Kd7 57. Nb6+ Kd6 58. Nc8+ Kd7 59. Nb6+ Kd6 1/2-1/2